[Event "GER-chT U20"]
[Site "Muenster"]
[Date "2022.12.29"]
[Round "6"]
[White "Schubert, Nikita"]
[Black "Pralle, Finnegan"]
[Result "1-0"]
[WhiteElo "1939"]
[BlackElo "1915"]
[PlyCount "81"]
[EventDate "2022.12.26"]
[EventType "team-swiss"]
[EventRounds "7"]
[EventCountry "GER"]
[SourceTitle "CBM 212 Extra"]
[Source "ChessBase"]
[SourceDate "2023.03.31"]
[SourceVersion "1"]
[SourceVersionDate "2023.03.31"]
[SourceQuality "1"]
[WhiteTeam "Gera"]
[BlackTeam "Biebertal"]
[WhiteTeamCountry "GER"]
[BlackTeamCountry "GER"]

1. d4 Nf6 2. c4 g6 3. g3 Bg7 4. Bg2 0-0 5. Nc3 d6 6. Nf3 c6 7. 0-0 Qa5 8. h3 Qa6 9. b3 b5 10. Nd2 Bb7 11. Bb2 Nbd7 12. e4 e5 13. d5 bxc4 14. Nxc4 cxd5 15. exd5 Rac8 16. a4 Nc5 17. Nb5 Rfd8 18. Ne3 Nfe4 19. b4 f5 20. bxc5 Nxc5 21. Re1 Rd7 22. Bf1 Qa5 23. Nc4 Qa6 24. Nc3 Rdc7 25. Ne3 Qa5 26. Nb5 Rd7 27. Bc3 Qd8 28. Nxa7 Ne4 29. Bb4 f4 30. Nxc8 Bxc8 31. Ng4 Ng5 32. h4 Nf7 33. Ra3 fxg3 34. Rxg3 h5 35. Ne3 Qxh4 36. Bd2 Qf6 37. Bh3 Rc7 38. Bxc8 Rxc8 39. Qf3 Qh4 40. Rxg6 Nh8 41. Nf5 1-0

[Event "GER-chT U20"]
[Site "Muenster"]
[Date "2022.12.27"]
[Round "1"]
[White "Maetzkow, Maximilian Paul"]
[Black "Pralle, Finnegan"]
[Result "1-0"]
[WhiteElo "2281"]
[BlackElo "1915"]
[PlyCount "49"]
[EventDate "2022.12.26"]
[EventType "team-swiss"]
[EventRounds "7"]
[EventCountry "GER"]
[SourceTitle "CBM 212 Extra"]
[Source "ChessBase"]
[SourceDate "2023.03.31"]
[SourceVersion "1"]
[SourceVersionDate "2023.03.31"]
[SourceQuality "1"]
[WhiteTeam "Kreuzberg"]
[BlackTeam "Biebertal"]
[WhiteTeamCountry "GER"]
[BlackTeamCountry "GER"]

1. d4 Nf6 2. Nf3 e6 3. g3 b6 4. Bg2 Bb7 5. 0-0 Be7 6. c4 d6 7. Nc3 Nbd7 8. Qc2 0-0 9. e4 e5 10. dxe5 dxe5 11. Rd1 Qb8 12. Bg5 c6 13. Rxd7 Nxd7 14. Bxe7 Re8 15. Bg5 f6 16. Be3 Qc7 17. c5 Re7 18. cxb6 Nxb6 19. Rc1 Qd8 20. a4 Kh8 21. a5 Nc4 22. Bc5 Rd7 23. Bh3 Nd2 24. Ne1 Ba6 25. Rd1 1-0

[Event "GER-chT U20"]
[Site "Kiel"]
[Date "2022.07.23"]
[Round "2.3"]
[White "Wuebker, Paul Luca"]
[Black "Pralle, Finnegan"]
[Result "1-0"]
[WhiteElo "2157"]
[BlackElo "1912"]
[PlyCount "59"]
[EventDate "2022.07.22"]
[EventType "team-swiss"]
[EventRounds "7"]
[EventCountry "GER"]
[SourceTitle "CBM 209 Extra"]
[Source "ChessBase"]
[SourceDate "2022.09.30"]
[SourceVersion "1"]
[SourceVersionDate "2022.09.30"]
[SourceQuality "1"]
[WhiteTeam "Bochum"]
[BlackTeam "Biebertal"]
[WhiteTeamCountry "GER"]
[BlackTeamCountry "GER"]

1. d4 Nf6 2. c4 e6 3. g3 d5 4. Bg2 b6 5. Nf3 Bb7 6. 0-0 Nbd7 7. Nc3 Be7 8. Bf4 a6 9. cxd5 exd5 10. Rc1 0-0 11. Ne5 Bd6 12. Qb3 Bxe5 13. Bxe5 Re8 14. Bf4 Rc8 15. Nxd5 Nxd5 16. Bxd5 Bxd5 17. Qxd5 Rxe2 18. Qc4 Rxb2 19. Bxc7 Qf6 20. Qxa6 Re8 21. Qa4 b5 22. Qa7 h5 23. Bf4 Nb6 24. Be5 Qg6 25. Qb7 Re6 26. d5 Rxe5 27. Qb8+ Kh7 28. Qxe5 Na4 29. d6 Rd2 30. Rcd1 1-0

[Event "GER-chT U16"]
[Site "Aurich"]
[Date "2018.12.27"]
[Round "2.2"]
[White "Pralle, Finnegan"]
[Black "Engel, Robert"]
[Result "0-1"]
[WhiteElo "1864"]
[BlackElo "2071"]
[PlyCount "86"]
[EventDate "2018.12.27"]
[EventType "team-swiss"]
[EventRounds "7"]
[EventCountry "GER"]
[SourceTitle "CBM 188 Extra"]
[Source "ChessBase"]
[SourceDate "2019.02.26"]
[SourceVersion "1"]
[SourceVersionDate "2019.02.26"]
[SourceQuality "1"]
[WhiteTeam "Biebertal"]
[BlackTeam "Hamburger SK"]
[WhiteTeamCountry "GER"]
[BlackTeamCountry "GER"]

1. e4 c5 2. Nc3 a6 3. g3 b5 4. Bg2 Bb7 5. d3 e6 6. f4 b4 7. Nb1 d5 8. Nd2 Nc6 9. Ngf3 Be7 10. 0-0 Nf6 11. c4 bxc3 12. bxc3 h5 13. Rb1 Rb8 14. c4 Ng4 15. Qa4 Qd7 16. cxd5 exd5 17. exd5 Nb4 18. Qxd7+ Kxd7 19. Ne5+ Nxe5 20. fxe5 Bxd5 21. Bxd5 Nxd5 22. Rxf7 Rxb1 23. Nxb1 Rg8 24. Rf2 Ke6 25. Re2 Nb4 26. Be3 Nxd3 27. Na3 Kd5 28. e6 c4 29. Nc2 Bf6 30. Bf4 Re8 31. Ne3+ Kc5 32. Nc2 g5 33. Be3+ Kd5 34. Bf2 Rxe6 35. Rxe6 Kxe6 36. Kf1 a5 37. Be1 c3 38. Bf2 Kd5 39. Be3 Nb4 40. Nxb4+ axb4 41. Ke2 Kc4 42. Bc1 g4 43. Bf4 Bd4 0-1

[Event "Rhein Main op-B 20th"]
[Site "Bad Homburg"]
[Date "2017.06.18"]
[Round "7"]
[White "Meffert, Peter"]
[Black "Pralle, Finnegan"]
[Result "0-1"]
[WhiteElo "1914"]
[BlackElo "1849"]
[PlyCount "32"]
[EventDate "2017.06.14"]
[EventType "swiss"]
[EventRounds "7"]
[EventCountry "GER"]
[SourceTitle "EXT 2018"]
[Source "ChessBase"]
[SourceDate "2017.10.13"]
[SourceVersion "1"]
[SourceVersionDate "2017.10.13"]
[SourceQuality "1"]

1. d4 d5 2. c4 e6 3. Nf3 c6 4. Nc3 Nf6 5. c5 b6 6. b4 a5 7. Na4 Nbd7 8. Bg5 axb4 9. Ne5 bxc5 10. Nxd7 Bxd7 11. Nxc5 Bxc5 12. dxc5 Qa5 13. Be3 Ne4 14. Qb3 Nxc5 15. Bxc5 Qxc5 16. e3 Ra3 0-1

[Event "Rhein Main op-B 20th"]
[Site "Bad Homburg"]
[Date "2017.06.15"]
[Round "2"]
[White "Pralle, Finnegan"]
[Black "Hagner, Bennet"]
[Result "0-1"]
[WhiteElo "1849"]
[BlackElo "1683"]
[PlyCount "30"]
[EventDate "2017.06.14"]
[EventType "swiss"]
[EventRounds "7"]
[EventCountry "GER"]
[SourceTitle "EXT 2018"]
[Source "ChessBase"]
[SourceDate "2017.10.13"]
[SourceVersion "1"]
[SourceVersionDate "2017.10.13"]
[SourceQuality "1"]

1. e4 c6 2. d4 d5 3. Nc3 dxe4 4. Nxe4 Nf6 5. Ng3 Bg4 6. N1e2 e6 7. h3 Bh5 8. Bg5 Bg6 9. Nf4 Qa5+ 10. Qd2 Qxg5 11. h4 Qh6 12. 0-0-0 Bd6 13. Nxg6 Qxd2+ 14. Rxd2 hxg6 15. Ne2 Ne4 0-1

[Event "Rhein Main op-B 18th"]
[Site "Bad Homburg"]
[Date "2015.06.06"]
[Round "5"]
[White "Desor, Helmut"]
[Black "Pralle, Finnegan"]
[Result "1-0"]
[WhiteElo "1782"]
[BlackElo "1674"]
[PlyCount "59"]
[EventDate "2015.06.03"]
[EventType "swiss"]
[EventRounds "7"]
[EventCountry "GER"]
[SourceTitle "CBM 167 Extra"]
[Source "ChessBase"]
[SourceDate "2015.09.14"]
[SourceVersion "1"]
[SourceVersionDate "2015.09.14"]
[SourceQuality "1"]

1. Nf3 Nc6 2. c4 e5 3. Nc3 d6 4. d4 exd4 5. Nxd4 Ne5 6. e4 Nf6 7. Be2 g6 8. f4 Nc6 9. Nxc6 bxc6 10. 0-0 Bb7 11. Bf3 Bg7 12. Qc2 0-0 13. Be3 Qe7 14. Rae1 Qe6 15. b3 Ng4 16. Bc1 Rad8 17. Bb2 Bd4+ 18. Kh1 Ne3 19. Qd2 Nxf1 20. Qxd4 c5 21. Qf2 Nxh2 22. Kxh2 f6 23. Nd5 c6 24. Ne3 Rfe8 25. Ng4 Rf8 26. Qh4 h5 27. Nxf6+ Kf7 28. f5 gxf5 29. Bxh5+ Ke7 30. exf5 1-0

[Event "Rhein Main op-B 18th"]
[Site "Bad Homburg"]
[Date "2015.06.05"]
[Round "4"]
[White "Pralle, Finnegan"]
[Black "Bajorski, Marius"]
[Result "1/2-1/2"]
[WhiteElo "1674"]
[BlackElo "1759"]
[PlyCount "92"]
[EventDate "2015.06.03"]
[EventType "swiss"]
[EventRounds "7"]
[EventCountry "GER"]
[SourceTitle "CBM 167 Extra"]
[Source "ChessBase"]
[SourceDate "2015.09.14"]
[SourceVersion "1"]
[SourceVersionDate "2015.09.14"]
[SourceQuality "1"]

1. e4 e5 2. Nf3 Nc6 3. Nc3 Nf6 4. d4 exd4 5. Nxd4 Bb4 6. Nxc6 bxc6 7. Bd3 d5 8. exd5 cxd5 9. 0-0 0-0 10. Bg5 c6 11. h3 h6 12. Bh4 Bd6 13. Qf3 Rb8 14. Rab1 Be7 15. Rfe1 Be6 16. Ne2 Qa5 17. Nd4 Rfc8 18. Nf5 Bd8 19. Nxh6+ Kf8 20. Bg3 Rxb2 21. Bd6+ Be7 22. Bxe7+ Kxe7 23. Rxe6+ fxe6 24. Rxb2 gxh6 25. Rb7+ Rc7 26. Rxc7+ Qxc7 27. Qe3 h5 28. c4 Qb6 29. c5 Qd8 30. Qg5 Qg8 31. Qe5 Qd8 32. Bg6 d4 33. Qg5 Qd5 34. Qh6 Ne8 35. Qh7+ Kd8 36. Qg8 Qd7 37. Bxh5 d3 38. Qg5+ Kc8 39. Qd2 Nf6 40. Bg6 Qd5 41. Bxd3 Qxc5 42. Ba6+ Kc7 43. Qf4+ Kb6 44. Qxf6 Kxa6 45. Qxe6 Qc1+ 46. Kh2 Qf4+ 1/2-1/2

[Event "Hessen-ch U14"]
[Site "Bad Homburg"]
[Date "2015.04.01"]
[Round "4"]
[White "Viol, Julius"]
[Black "Pralle, Finnegan"]
[Result "1-0"]
[WhiteElo "1558"]
[BlackElo "1698"]
[PlyCount "97"]
[EventDate "2015.03.30"]
[EventType "swiss"]
[EventRounds "7"]
[EventCountry "GER"]
[SourceTitle "EXT 2017"]
[Source "ChessBase"]
[SourceDate "2016.10.25"]
[SourceVersion "1"]
[SourceVersionDate "2016.10.25"]
[SourceQuality "1"]

1. d4 d5 2. Nf3 Nc6 3. Bf4 Bf5 4. a3 e6 5. e3 Nge7 6. Nc3 Ng6 7. Bg3 Bd6 8. Bb5 0-0 9. Bxd6 cxd6 10. h4 h6 11. h5 Nge7 12. Nh4 Bh7 13. g4 f5 14. Rg1 f4 15. Bd3 Bxd3 16. Qxd3 fxe3 17. fxe3 e5 18. 0-0-0 Rc8 19. Qb5 Kh7 20. Rh1 a6 21. Qxb7 Qa5 22. Qb3 Rb8 23. Qa2 Rf2 24. dxe5 dxe5 25. Nxd5 Nxd5 26. Qxd5 Qa4 27. Qd3+ Kg8 28. Rd2 Rxd2 29. Qxd2 Qe4 30. Rd1 Rd8 31. Qe2 Nd4 32. Qc4+ Kh7 33. exd4 Qxg4 34. Ng6 Qxh5 35. Nxe5 a5 36. Qd3+ Kg8 37. Kb1 Rd6 38. Qd2 Qe8 39. Qxa5 g5 40. Qc7 Rf6 41. Qc4+ Kg7 42. Rf1 Rxf1+ 43. Qxf1 h5 44. c4 g4 45. Qf2 Qe7 46. Qf5 Qd6 47. Qg5+ Kf8 48. Qxh5 g3 49. Qf7# 1-0

[Event "GER-chT U12"]
[Site "Verden"]
[Date "2014.12.28"]
[Round "4.2"]
[White "Askerov, Imamali"]
[Black "Pralle, Finnegan"]
[Result "0-1"]
[WhiteElo "1734"]
[BlackElo "1459"]
[PlyCount "70"]
[EventDate "2014.12.27"]
[EventType "team-swiss"]
[EventRounds "7"]
[EventCountry "GER"]
[SourceTitle "EXT 2016"]
[Source "ChessBase"]
[SourceDate "2015.10.08"]
[SourceVersion "1"]
[SourceVersionDate "2015.10.08"]
[SourceQuality "1"]
[WhiteTeam "Uelzen Post"]
[BlackTeam "Biebertal"]
[WhiteTeamCountry "GER"]
[BlackTeamCountry "GER"]

1. e4 e5 2. Nf3 Nc6 3. d4 exd4 4. Nxd4 Nf6 5. Nxc6 bxc6 6. Bd3 Bc5 7. 0-0 0-0 8. Bg5 Be7 9. e5 Nd5 10. Bxe7 Qxe7 11. Re1 Bb7 12. Nd2 f6 13. Nf3 c5 14. Bc4 c6 15. Qd2 Kh8 16. Rad1 Nb6 17. Bf1 Qf7 18. b3 Rad8 19. c4 fxe5 20. Nxe5 Qh5 21. Nf3 h6 22. Bd3 d5 23. Ne5 Rf6 24. Bf1 Rdf8 25. f3 Rf5 26. Ng4 Bc8 27. Ne3 Rg5 28. Kh1 d4 29. Nc2 Qh4 30. Re4 Qh5 31. Qf2 Qg6 32. Bd3 Bf5 33. Rf4 Nd7 34. Bxf5 Rgxf5 35. Rg4 Qxg4 0-1

[Event "GER-chT U12"]
[Site "Verden"]
[Date "2014.12.27"]
[Round "1.2"]
[White "Pajeken, Jakob Leon"]
[Black "Pralle, Finnegan"]
[Result "0-1"]
[WhiteElo "1730"]
[BlackElo "1459"]
[PlyCount "42"]
[EventDate "2014.12.27"]
[EventType "team-swiss"]
[EventRounds "7"]
[EventCountry "GER"]
[SourceTitle "EXT 2016"]
[Source "ChessBase"]
[SourceDate "2015.10.08"]
[SourceVersion "1"]
[SourceVersionDate "2015.10.08"]
[SourceQuality "1"]
[WhiteTeam "Hamburger SK"]
[BlackTeam "Biebertal"]
[WhiteTeamCountry "GER"]
[BlackTeamCountry "GER"]

1. e4 e5 2. Nf3 Nc6 3. Bc4 Bc5 4. 0-0 d6 5. c3 Nf6 6. d4 Be6 7. d5 Ne7 8. Bd3 Ng6 9. Na3 a6 10. Nc4 Ba7 11. h3 Nf4 12. Bxf4 exf4 13. Qd2 b5 14. Na3 h6 15. Rae1 Nh5 16. e5 0-0 17. Nd4 f3 18. Nc6 Qh4 19. Re4 Qg3 20. Ne7+ Kh8 21. Ng6+ fxg6 0-1

[Event "Karl Mala Memorial op-B 17th"]
[Site "Frankfurt"]
[Date "2014.08.02"]
[Round "5"]
[White "Pralle, Finnegan"]
[Black "Kersten, Kay Lukas"]
[Result "1-0"]
[WhiteElo "1396"]
[BlackElo "1707"]
[PlyCount "39"]
[EventDate "2014.07.31"]
[EventType "swiss"]
[EventRounds "7"]
[EventCountry "GER"]
[SourceTitle "EXT 2015"]
[Source "ChessBase"]
[SourceDate "2014.11.20"]
[SourceVersion "1"]
[SourceVersionDate "2014.11.20"]
[SourceQuality "1"]

1. e4 e5 2. Nf3 Nf6 3. Nc3 Nc6 4. d4 exd4 5. Nxd4 Bb4 6. Nxc6 bxc6 7. e5 Nd5 8. Bd2 Nxc3 9. bxc3 Bc5 10. Bd3 0-0 11. 0-0 d6 12. Re1 dxe5 13. Qh5 g6 14. Qxe5 Bd6 15. Qe4 Bb7 16. Bh6 Re8 17. Qd4 Rxe1+ 18. Rxe1 f6 19. Bc4+ Kh8 20. Re8+ 1-0

[Event "Karl Mala Memorial op-B 17th"]
[Site "Frankfurt"]
[Date "2014.08.01"]
[Round "3"]
[White "Reuter, Klaus"]
[Black "Pralle, Finnegan"]
[Result "0-1"]
[WhiteElo "1617"]
[BlackElo "1396"]
[PlyCount "104"]
[EventDate "2014.07.31"]
[EventType "swiss"]
[EventRounds "7"]
[EventCountry "GER"]
[SourceTitle "EXT 2015"]
[Source "ChessBase"]
[SourceDate "2014.11.20"]
[SourceVersion "1"]
[SourceVersionDate "2014.11.20"]
[SourceQuality "1"]

1. d4 Nf6 2. c4 c5 3. d5 d6 4. Nc3 g6 5. Bg5 Bg7 6. Qd2 h6 7. Bh4 Bf5 8. f3 g5 9. Bf2 Nbd7 10. e4 Bg6 11. Bd3 Ne5 12. Nge2 e6 13. dxe6 fxe6 14. 0-0 0-0 15. Rad1 Qe7 16. b3 a6 17. Bb1 Rad8 18. Bg3 Nh5 19. Qe1 Nxg3 20. Qxg3 Nc6 21. f4 Bh7 22. f5 Nd4 23. fxe6 Rxf1+ 24. Rxf1 Qxe6 25. Qd3 Nxe2+ 26. Nxe2 Re8 27. Ng3 Bd4+ 28. Kh1 Qg4 29. Nf5 Bxf5 30. Rxf5 Rf8 31. Rxf8+ Kxf8 32. Qf3+ Qxf3 33. gxf3 Kf7 34. Kg2 Kf6 35. Kh3 h5 36. Bd3 Ke5 37. Kg3 Bc3 38. Bc2 Be1+ 39. Kg2 Kf4 40. h3 h4 41. Kf1 Bg3 42. Ke2 Ke5 43. Bd3 Kd4 44. Kd2 Bf4+ 45. Kc2 Ke3 46. a3 Kxf3 47. b4 cxb4 48. axb4 Kg2 49. Kb3 Kxh3 50. c5 dxc5 51. b5 axb5 52. Bxb5 Kg2 0-1

[Event "Karl Mala Memorial op-B 17th"]
[Site "Frankfurt"]
[Date "2014.07.31"]
[Round "1"]
[White "Sefeloge, Michael"]
[Black "Pralle, Finnegan"]
[Result "1-0"]
[WhiteElo "1818"]
[BlackElo "1396"]
[PlyCount "81"]
[EventDate "2014.07.31"]
[EventType "swiss"]
[EventRounds "7"]
[EventCountry "GER"]
[SourceTitle "EXT 2015"]
[Source "ChessBase"]
[SourceDate "2014.11.20"]
[SourceVersion "1"]
[SourceVersionDate "2014.11.20"]
[SourceQuality "1"]

1. d4 d5 2. c4 c6 3. e3 Nf6 4. Nc3 Bf5 5. Nf3 e6 6. Bd3 Bg6 7. Ne5 Bd6 8. f4 Bxd3 9. Qxd3 Nbd7 10. 0-0 dxc4 11. Qxc4 Nb6 12. Qd3 Nbd5 13. a3 0-0 14. Bd2 Qe7 15. Rac1 Rfd8 16. Nc4 Nxc3 17. Bxc3 Bc7 18. Qc2 c5 19. dxc5 Qxc5 20. Bxf6 gxf6 21. Rf3 Qd5 22. Rg3+ Kh8 23. Rh3 f5 24. Qc3+ Kg8 25. Rg3+ Kf8 26. Qf6 b5 27. Ne5 Bxe5 28. fxe5 Qd2 29. Qg7+ Ke7 30. Rc7+ Rd7 31. Rxd7+ Qxd7 32. Qf6+ Kf8 33. Qh8+ Ke7 34. Qxa8 Qd1+ 35. Kf2 Qd2+ 36. Kf3 Qd3 37. Qxa7+ Kf8 38. Qc5+ Ke8 39. Rg8+ Kd7 40. Qc8+ Ke7 41. Re8# 1-0

[Event "Hessen-ch U12"]
[Site "Bad Homburg"]
[Date "2014.??.??"]
[Round "5"]
[White "Lesche, Sven"]
[Black "Pralle, Finnegan"]
[Result "0-1"]
[WhiteElo "979"]
[BlackElo "1284"]
[PlyCount "124"]
[EventDate "2014.04.??"]
[EventType "swiss"]
[EventRounds "9"]
[EventCountry "GER"]
[SourceTitle "EXT 2022"]
[Source "ChessBase"]
[SourceDate "2021.10.06"]
[SourceVersion "1"]
[SourceVersionDate "2021.10.06"]
[SourceQuality "1"]

1. e4 e5 2. Nf3 Nc6 3. Bc4 Bc5 4. c3 d6 5. d3 Nf6 6. Be3 Bb6 7. Nbd2 Be6 8. 0-0 0-0 9. Qc2 Ng4 10. Bg5 Nf6 11. h3 Kh8 12. Be3 Qd7 13. Bb5 Rg8 14. d4 exd4 15. cxd4 Nb4 16. Bxd7 Nxc2 17. Ng5 Nxd7 18. d5 Bxd5 19. exd5 Rgf8 20. Bxb6 Nxa1 21. Bxc7 Nc2 22. Bxd6 Rfe8 23. Rc1 Nd4 24. Rc7 Nb6 25. Nxf7+ Kg8 26. Be5 Nf5 27. f4 Nxd5 28. Rxb7 Nde7 29. Ng5 Nc6 30. Nc4 h6 31. Nd6 hxg5 32. Nxf5 Nxe5 33. fxe5 Rxe5 34. Ne7+ Kh7 35. Nc6 Re1+ 36. Kh2 Ra1 37. a3 Ra2 38. Nxa7 Rd8 39. Rb3 Rd2 40. Rg3 Kh6 41. b4 Rd1 42. Re3 Rda1 43. Re6+ g6 44. Nb5 Rd2 45. Re3 Kh5 46. Rg3 Rdd1 47. Re3 Rf1 48. Re7 g4 49. Re5+ g5 50. hxg4+ Kxg4 51. Re4+ Kh5 52. Kg3 Ra2 53. Re8 Rff2 54. Rh8+ Kg6 55. Rg8+ Kh6 56. Rh8+ Kg7 57. Rd8 Rxg2+ 58. Kf3 g4+ 59. Ke3 Rgf2 60. Rd7+ Kf6 61. Rd6+ Ke5 62. Rd8 Rf3# 0-1

[Event "Hessen-ch U12"]
[Site "Bad Homburg"]
[Date "2014.??.??"]
[Round "1"]
[White "Pralle, Finnegan"]
[Black "Kuech, Leonard"]
[Result "1-0"]
[WhiteElo "1284"]
[BlackElo "812"]
[PlyCount "57"]
[EventDate "2014.04.??"]
[EventType "swiss"]
[EventRounds "9"]
[EventCountry "GER"]
[SourceTitle "EXT 2022"]
[Source "ChessBase"]
[SourceDate "2021.10.06"]
[SourceVersion "1"]
[SourceVersionDate "2021.10.06"]
[SourceQuality "1"]

1. e4 e5 2. Nf3 Nc6 3. d4 d6 4. Bb5 f6 5. d5 a6 6. dxc6 axb5 7. cxb7 Bxb7 8. Qe2 Ba6 9. Bd2 c6 10. Qe3 Nh6 11. 0-0 b4 12. Re1 d5 13. Qb3 Rb8 14. Bxh6 gxh6 15. Nbd2 Bc5 16. Rad1 Qb6 17. exd5 Bxf2+ 18. Kh1 Bxe1 19. Rxe1 Bb7 20. d6 c5 21. Qe6+ Kf8 22. Qxf6+ Kg8 23. Nxe5 Rf8 24. Qe6+ Kg7 25. Qg4+ Kf6 26. Nd7+ Kf7 27. Nxb6 Rhg8 28. Qf5+ Kg7 29. Re7+ 1-0